| 000 | 00808nam a2200241 a 4500 | ||
|---|---|---|---|
| 001 | 71081 | ||
| 003 | BD-RjUL | ||
| 005 | 20211209082057.0 | ||
| 008 | 170424s1952 enka b 000 0 eng d | ||
| 035 | _a(BD-RjUL)71296 | ||
| 040 |
_aDLC/ICU _cCGU _dEQO _dBD-RjUL _beng |
||
| 041 | _aeng | ||
| 082 | 0 | 4 |
_a016.532 _223 _bREB 1952 |
| 100 | 1 |
_aRedding, Thomas Henry. _9210315 |
|
| 245 | 1 | 2 |
_aA bibliographical survey of flow through orifices and parallel-throated nozzles / _cThomas Henry Redding. |
| 260 |
_aLondon : _bChapman & Hall, _c1952. |
||
| 300 |
_aix, 196 p. : _bill. ; _c26 cm. |
||
| 490 | 1 |
_aB.S.I.R.A. Research publication _vM.9 |
|
| 650 | 0 |
_aBibliography _xFluid dynamics _9210316 |
|
| 650 | 0 |
_aFluid dynamics _9210316 |
|
| 830 | 0 |
_aB.S.I.R.A. research publication ; _vM.9. _9210318 |
|
| 942 |
_2ddc _cBK |
||
| 999 |
_c71081 _d71081 |
||